000 00880nam a2200241Ia 4500
003 OSt
005 20200903224625.0
008 191128s2006 ck gr 000 0dspa d
020 _a9581401687
040 _aCO-JMCR
_cCO-JMCR
041 0 _aspa
082 0 4 _a362.2 /
_bL847c
_223
100 1 _aLondoño Cárdenas, Fabio Arturo,
_eautor
_99788
245 1 0 _aCuestiones policiales /
_cFabio Arturo Londoño Cárdenas
250 _aSegunda edición
260 _aBogotá :
_bPlaza & Janes,
_c2006
300 _a258 páginas ;
_c19 cm.
500 _aIncluye datos biográficos del autor en contraportada.
505 0 _aUna definición de policía -- Un aniversario institucional -- Una teoría de policía judicial -- La policía en el mundo -- Escuela de cadetes de policía
650 1 4 _aPolicía
_zColombia
_99789
650 1 4 _aDefinición
_zColombia
_99790
942 _2ddc
_cBK
999 _c4591
_d4591